000 00755nam a2200265 i 4500
001 C2-0294709
003 PPAK
005 20180728030407.0
008 090222s2009 my a|||| ||||| | may d
020 _a9789833820481
040 _aPPAK
_beng
_cPPAK
_erda
082 0 4 _a959.5
_223
090 0 0 _a959.5
_bMUH
_dRK
100 0 _aMuhamad Ridzuan Amin,
_eauthor
245 1 0 _aPerjalanan menuju kemerdekaan
264 1 _aSubang Jaya, Selangor :
_bMika Cemerlang ,
_c2009
300 _a60 pages :
_billustrations ;
_c30 cm
336 _2rdacontent
_atext
337 _2rdamedia
_aunmediated
338 _2rdacarrier
_avolume
490 1 _aSiri dirgahayu negaraku
650 1 0 _aMalaysia - History
830 0 _aSiri dirgahayu negaraku
942 _ddc
_cB
999 _c99327
_d99327